Online Catalogue and eLibrary

Lila ; (Record no. 614)

MARC details
000 -LEADER
fixed length control field 00417nam a22001457a 4500
005 - DATE AND TIME OF LATEST TRANSACTION
control field 20240326060054.0
008 - FIXED-LENGTH DATA ELEMENTS--GENERAL INFORMATION
fixed length control field 240326b |||||||| |||| 00| 0 eng d
020 ## - INTERNATIONAL STANDARD BOOK NUMBER
ISBN 0117343X
082 ## - DDC Classification
DDC Edition Number 22
Class No. 325
Item Number - Author Mark Lil.
245 ## - TITLE STATEMENT
Title Lila ;
Remainder of title Asia pacific women's studies journal /
Statement of responsibility, etc. Institute of Women's Studies .
260 ## - PUBLICATION, DISTRIBUTION, ETC.
Place of publication, distribution, etc. Philippines :
Name of publisher, distributor, etc. Institute of Women's Studies /
Date of publication, distribution, etc. 1988.
300 ## - PHYSICAL DESCRIPTION
Extent (e.g. Volumes, Pages etc.) 101 p.,
650 ## - SUBJECT ADDED ENTRY--TOPICAL TERM
Topical term or geographic name entry element Women.
942 ## - Koha item type (Biblio)
Koha item type Books in Stacks (Lending)
Holdings
Lost status Damaged status Collection code Home library Current library Date acquired Full call number Accession Number Item type
    Lending WERC Library WERC Library 03/26/2024 325 Lil. 2755 Books in Stacks (Lending)

© WERC Library